Mikroriasy ako prebiotikum pre rast probiotických baktérií

Uložené v:
Podrobná bibliografia
Hlavný autor: Svitková, Natália (Autor)
Ďalší autori: Greifová, Mária (Vedúci práce)
Médium: Rukopis Kniha
Jazyk:Slovak
Vydavateľské údaje: 2021
Predmet:
On-line prístup:http://is.stuba.sk/zp/portal_zp.pl?podrobnosti=157625
Tagy: Pridať tag
Žiadne tagy, Buďte prvý, kto otaguje tento záznam!

MARC

LEADER 00000ntm a22000003a 4500
001 stuzp83819
003 SK-STU
005 20210605210441.2
007 ta
008 150427s2015----xo-----f-mn---000-0-slo-d
040 |a STU  |b slo 
041 0 |a slo 
100 1 |a Svitková, Natália  |u 040250  |4 aut  |U FCHPT Ústav potravinárstva a výživy  |T FCHPT Oddelenie potravinárskej technológie  |X 87044  |U C0250  |Y 685  |7 87044 
242 0 1 |a Microalgae as a prebiotic for the growth of probiotic bacteria  |y eng 
245 1 0 |a Mikroriasy ako prebiotikum pre rast probiotických baktérií 
260 |c 2021 
650 4 |a Mikroriasy  |2 slo 
650 4 |a Probiotické baktérie  |2 slo 
650 4 |a Prebiotiká  |2 slo 
650 4 |a Zdravie  |2 slo 
650 4 |a Microalgae  |2 eng 
650 4 |a Health  |2 eng 
650 4 |a Probiotic bacteria  |2 eng 
650 4 |a Prebiotics  |2 eng 
700 1 |a Greifová, Mária  |u 040250  |k Z1  |4 ths  |U FCHPT Ústav potravinárstva a výživy  |T FCHPT Oddelenie potravinárskej technológie  |X 3880  |U C0250  |Y 685  |7 A000003880 
856 4 |u http://is.stuba.sk/zp/portal_zp.pl?podrobnosti=157625